000 00389nam a2200145Ia 4500
008 230917s9999||||xx |||||||||||||| ||und||
040 _e88018
_aMAIN
041 _aEnglish
082 _a759.95406 C349H
100 _aChaitanya, Krishna
245 0 _aHistory of Indian painting: The modern period
260 _aNew Delhi
_bAbhinav Publications
_c1994
300 _axx, 400 p.
942 _cBK
999 _c81884
_d81884